00928cam a2200253 450000100060000000300080000600500170001400800410003103500190007204000230009104100080011408200220012210000360014424500770018026000470025730000300030450000690033450400290040365000360043270000480046894200120051699900170052895201290054549885BD-RjUL20211209075427.0160823s1957 ilu b 000 0 eng  a(BD-RjUL)50005 aDLCcDLCdDLCbeng aeng00a370.15bMOS 1957 1 aMorse, William Charles,914950610aStudying psychology and teaching / c William C. Morse and G. Max Wingo. aGlenview, Ill. :bScott, Foresman, c1957  a290 p. :bill. ; c26 cm. aPublished in 1957 under title: Studying psychology and teaching. aIncludes bibliographies. 0aEducational psychology.91495071 aWingo, Glenn Max,d1913-ejoint ed.9149508 2ddccBK c49885d49885 00102ddc40708NFICaRUCLbRUCLcStackd1967-04-11eU. S. S.l0o370.15 MOS 1957r2016-08-23 00:00:00tC-2w2016-08-23yBK